000 00553nam a2200229Ia 4500
003 OSt
005 20220924133901.0
006 a|||||r|||| 00| 0
007 ta
008 220923b |||||||| |||| 00| 0 tam d
024 _a269624
037 _cTextual
040 _aARTS
_cARTS
_btam
041 _2tam
_atam
082 _aU8xN23, 31J9
100 _aChomele
_9207592
245 0 _aEn prayana ninaivugal
260 _c1959
650 _aGEOGRAPHY
942 _hU8xN23, 31J9
_cTEXL
_2CC
999 _c435608
_d435608